<?xml version="1.0" encoding="UTF-8"?>
<collection xmlns="http://www.loc.gov/MARC21/slim">
 <record>
  <leader>00425pamaa2200145   4500</leader>
  <controlfield tag="001">0000021082</controlfield>
  <controlfield tag="005">20060808090000.0</controlfield>
  <datafield tag="020" ind1="0" ind2="0">
   <subfield code="a">0907871275 (pbk) </subfield>
  </datafield>
  <datafield tag="090" ind1="0" ind2="0">
   <subfield code="a">DT401.5 </subfield>
   <subfield code="b">HAN 1993</subfield>
  </datafield>
  <datafield tag="100" ind1="1" ind2="0">
   <subfield code="a">HANLEY </subfield>
  </datafield>
  <datafield tag="245" ind1="1" ind2="0">
   <subfield code="a">Warriors : </subfield>
   <subfield code="b">life and death among the Somalis  </subfield>
   <subfield code="c">Gerald Hanley ; with a new afterword by Joseph Hone.</subfield>
  </datafield>
  <datafield tag="260" ind1="0" ind2="0">
   <subfield code="a">London: </subfield>
   <subfield code="b">Eland, </subfield>
   <subfield code="c">1993.</subfield>
  </datafield>
  <datafield tag="300" ind1=" " ind2=" ">
   <subfield code="a">179p.: </subfield>
   <subfield code="b">ill. maps.; </subfield>
   <subfield code="c">22cm.</subfield>
  </datafield>
  <datafield tag="650" ind1="0" ind2="0">
   <subfield code="a">Somalis </subfield>
  </datafield>
  <datafield tag="650" ind1="0" ind2="0">
   <subfield code="a">Somalia </subfield>
  </datafield>
 </record>
</collection>
